Guess the Movie/TV Show - Pixelated Images #6 - Statistics

General Stats
  • This quiz has been taken 52 times
  • The average score is 11 of 15
Answer Stats
Picture Hint Answer % Correct
1985 Back to the Future
98%
2017 Coco
94%
2008 WALL-E
94%
2008 Kung Fu Panda
90%
1994–2004 Friends
88%
2015 Inside Out
88%
2005–2008 Avatar: The Last Airbender
85%
2014 Guardians of the Galaxy
83%
1993 The Nightmare Before Christmas
79%
1994 The Mask
77%
2013 Monsters University
69%
1992 Aladdin
63%
1990–1996 The Fresh Prince of Bel-Air
50%
2017 Blade Runner 2049
48%
2019 Uncut Gems
40%
No matching quizzes found
Score Distribution
Percent of People with Each Score
Percentile by Number Answered
Your Score History
You have not taken this quiz